[Event "Kieler Open 2018-B"]
[Site "RGG Kiel"]
[Date "2018.07.28"]
[Round "1.1"]
[White "von Koschitzky, Tilo"]
[Black "Howe, Dietrich"]
[Result "1-0"]
[BlackElo "1451"]
[WhiteElo "1789"]
[Annotator "LB"]
[PlyCount "51"]

1. d4 Nf6 2. Bf4 Nc6 3. e3 e6 4. Nf3 d5 5. Nbd2 h6 6. h3 Bd6 7. Ne5 O-O 8.
Bd3 Nb4 9. Be2 c5 10. c3 Nc6 11. Bd3 Qc7 12. Nxc6 bxc6 13. g3 c4 14. Bc2 e5
15. dxe5 Bxe5 16. Qf3 Bxf4 17. gxf4 Re8 18. O-O Qe7 19. Rab1 Qd7 20. Kh2
Bb7 21. Rg1 c5 22. Qg3 Nh5 23. Qh4 g6 24. Qxh5 d4 25. Bxg6 dxc3 26. Bf5+
1-0

[Event "Kieler Open 2018-B"]
[Site "RGG Kiel"]
[Date "2018.07.28"]
[Round "1.2"]
[White "Hogreve, Holger"]
[Black "Plichta, Hans-Reiner"]
[Result "0-1"]
[BlackElo "1784"]
[WhiteElo "1435"]
[Annotator "LB"]
[PlyCount "50"]

1. Nf3 Nf6 2. d4 g6 3. Bf4 Bg7 4. Nbd2 d5 5. e3 O-O 6. c4 c5 7. Be2 cxd4 8.
exd4 dxc4 9. Nxc4 Nc6 10. O-O Nd5 11. Be3 Nxe3 12. fxe3 Bf5 13. Qb3 b6 14.
Rad1 Qd5 15. Nh4 Be4 16. Bf3 Bh6 17. Kh1 Rac8 18. Bxe4 Qxe4 19. Nf3 Qd5 20.
Rfe1 b5 21. e4 Qxc4 22. Qa3 Qb4 23. Qa6 Qa5 24. Qb7 Rc7 25. b4 Nxb4 0-1

[Event "Kieler Open 2018-B"]
[Site "RGG Kiel"]
[Date "2018.07.28"]
[Round "1.3"]
[White "Zechel, Rolf-Rüdiger"]
[Black "Tran, Minh Dat"]
[Result "1-0"]
[BlackElo "1427"]
[WhiteElo "1744"]
[Annotator "LB"]
[PlyCount "53"]

1. d4 d5 2. Bf4 Nf6 3. e3 e6 4. c3 Be7 5. Bd3 O-O 6. Nf3 c5 7. Nbd2 c4 8.
Bc2 Nc6 9. Ne5 Bd6 10. Bg3 b5 11. Nxc6 Qc7 12. Ne5 Nd7 13. Ndf3 f6 14. Nxd7
Bxd7 15. Bxd6 Qxd6 16. O-O e5 17. dxe5 fxe5 18. e4 Bg4 19. exd5 e4 20. Bxe4
Rf4 21. Qc2 Bxf3 22. Bxf3 Raf8 23. Rae1 Rh4 24. g3 Rxf3 25. gxh4 Rh3 26.
Re8+ Kf7 27. Qf5+ 1-0

[Event "Kieler Open 2018-B"]
[Site "RGG Kiel"]
[Date "2018.07.28"]
[Round "1.4"]
[White "Schulze, Lukas"]
[Black "Koch, Ralf-Johannes"]
[Result "1/2-1/2"]
[BlackElo "1739"]
[WhiteElo "1421"]
[Annotator "LB"]
[PlyCount "78"]

1. Nf3 g6 2. c4 Nf6 3. g3 b6 4. Bg2 Bb7 5. O-O c5 6. Nc3 Bg7 7. b3 O-O 8.
Bb2 Nc6 9. d4 Nxd4 10. Nxd4 Bxg2 11. Kxg2 cxd4 12. Qxd4 Ne8 13. Qd2 Nd6 14.
e4 Re8 15. Rfe1 Qb8 16. e5 Nf5 17. Nd5 Qb7 18. Kg1 Rad8 19. Qe2 Qc6 20.
Rad1 d6 21. e6 f6 22. Qe4 Kh8 23. Rd2 Nh6 24. Nxf6 Qxe4 25. Nxe4 Bxb2 26.
Rxb2 Ng4 27. Ng5 Kg7 28. Re4 Nf6 29. Rf4 Rc8 30. Rd2 Rc5 31. Nf3 g5 32.
Rfd4 Kg6 33. b4 Rf5 34. Kg2 h5 35. h3 Rf8 36. R2d3 Nh7 37. Re4 Nf6 38. Red4
Nh7 39. Re4 Nf6 1/2-1/2

[Event "Kieler Open 2018-B"]
[Site "RGG Kiel"]
[Date "2018.07.28"]
[Round "1.5"]
[White "Zielke, Bernd"]
[Black "Woltmann, Peter"]
[Result "1/2-1/2"]
[BlackElo "1396"]
[WhiteElo "1719"]
[Annotator "LB"]
[PlyCount "89"]

1. b4 e5 2. Bb2 Bxb4 3. Bxe5 Nc6 4. Bxg7 Bc5 5. Bxh8 Nf6 6. e3 d6 7. Nf3
Bd7 8. Be2 Qe7 9. Bxf6 Qxf6 10. d4 Bb4+ 11. c3 Ba5 12. O-O O-O-O 13. Kh1
Rg8 14. Rg1 Rg6 15. g3 Rh6 16. Qc2 Bg4 17. Nbd2 Bf5 18. e4 Bg6 19. Bf1 d5
20. e5 Qxf3+ 21. Bg2 Qxg2+ 22. Kxg2 Bxc2 23. Rac1 Bf5 24. f3 Nxd4 25. Nb3
Nxb3 26. axb3 Bb6 27. Rge1 Be6 28. h4 Rg6 29. f4 Bf5 30. Re2 Bd3 31. Ra2
Be4+ 32. Kh3 a6 33. g4 Rc6 34. Re2 Bf3 35. Ree1 Be4 36. c4 Ba5 37. cxd5
Bxd5 38. Rxc6 Bxc6 39. Rb1 Bd2 40. Kg3 Be4 41. Rd1 Bb4 42. Rd4 Be1+ 43. Kh3
Bc6 44. Rd1 Bb4 45. Kg3 1/2-1/2

[Event "Kieler Open 2018-B"]
[Site "RGG Kiel"]
[Date "2018.07.28"]
[Round "1.6"]
[White "Brühl, Rainer"]
[Black "Griebenow, Jan Luca"]
[Result "0-1"]
[BlackElo "1705"]
[WhiteElo "1394"]
[Annotator "LB"]
[PlyCount "52"]

1. d4 d5 2. Nf3 c5 3. c3 Nc6 4. e3 Bg4 5. Be2 Nf6 6. h3 Bh5 7. Nbd2 e6 8.
Bb5 Rc8 9. g4 Bg6 10. Qa4 Qb6 11. Ne5 Bd6 12. Ndf3 a6 13. Bxc6+ bxc6 14.
Nxg6 hxg6 15. Ne5 Bxe5 16. dxe5 Ne4 17. c4 O-O 18. Qb3 Qa5+ 19. Ke2 Rfd8
20. Qc2 Qc7 21. Rd1 Qxe5 22. cxd5 cxd5 23. Bd2 Qh2 24. Ba5 Qxf2+ 25. Kd3
c4+ 26. Kd4 Qf6# 0-1

[Event "Kieler Open 2018-B"]
[Site "RGG Kiel"]
[Date "2018.07.28"]
[Round "1.7"]
[White "Kathage, Holger"]
[Black "Kageler, Anton Paul"]
[Result "1/2-1/2"]
[BlackElo "1389"]
[WhiteElo "1692"]
[Annotator "LB"]
[PlyCount "64"]

1. d4 Nf6 2. Nf3 c5 3. e3 cxd4 4. exd4 e6 5. Bd3 Be7 6. Nbd2 d5 7. O-O Nc6
8. c3 O-O 9. Qe2 Qc7 10. Ne5 Bd6 11. f4 Nd7 12. Rf3 Ndxe5 13. fxe5 Nxe5 14.
dxe5 Bxe5 15. Bxh7+ Kxh7 16. Rh3+ Kg8 17. Qh5 f6 18. Nf3 Bf4 19. Qh7+ Kf7
20. Bxf4 Qxf4 21. Nd4 Bd7 22. Qh5+ Ke7 23. Qg6 Rg8 24. Re1 Qc7 25. Rh7 Kf8
26. Nxe6+ Bxe6 27. Rxe6 Qc5+ 28. Kh1 Rc8 29. Qd3 d4 30. Rh3 dxc3 31. Qxc3
Qxc3 32. bxc3 Kf7 1/2-1/2

[Event "Kieler Open 2018-B"]
[Site "RGG Kiel"]
[Date "2018.07.28"]
[Round "1.8"]
[White "Kaminski, Thorsten"]
[Black "Aksut, Onder"]
[Result "0-1"]
[BlackElo "1691"]
[WhiteElo "1387"]
[Annotator "LB"]
[PlyCount "106"]

1. e4 c5 2. Nf3 Nc6 3. Bb5 Qb6 4. Nc3 e6 5. O-O Be7 6. Bc4 Bf6 7. a3 Nd4 8.
d3 Ne7 9. Nxd4 Bxd4 10. Bb3 O-O 11. Qg4 Kh8 12. Ne2 f5 13. Qg5 Bf6 14. Qg3
fxe4 15. dxe4 Ng6 16. Nf4 Nxf4 17. Qxf4 d6 18. Rd1 Be7 19. Qg3 Qc6 20. Bf4
e5 21. Bg5 Bxg5 22. Qxg5 c4 23. Qe7 Re8 24. Qxd6 Qxd6 25. Rxd6 cxb3 26.
cxb3 Be6 27. b4 Bc4 28. Rad1 Bb3 29. R1d2 Rac8 30. f3 Ba4 31. Kf2 h6 32.
Ke3 Rc6 33. Rxc6 Bxc6 34. b3 Kg8 35. a4 a6 36. Rd6 Kf7 37. b5 axb5 38. a5
Rc8 39. f4 exf4+ 40. Kxf4 Re8 41. e5 Bxg2 42. Rb6 g5+ 43. Kf5 Bc6 44. a6
Bd7+ 45. Ke4 bxa6 46. Rxa6 Be6 47. Rb6 Bxb3 48. Rxb5 Bc2+ 49. Kd4 Bf5 50.
Rb6 Be6 51. Kc5 Kg6 52. Kd6 Kf5 53. Kc7 Kxe5 0-1

[Event "Kieler Open 2018-B"]
[Site "RGG Kiel"]
[Date "2018.07.28"]
[Round "1.9"]
[White "Bahr, Arne"]
[Black "Solodky, Willy"]
[Result "1/2-1/2"]
[BlackElo "1367"]
[WhiteElo "1674"]
[Annotator "LB"]
[PlyCount "38"]

1. f4 d5 2. b3 Nf6 3. e3 e6 4. Bb2 Nbd7 5. Nf3 Be7 6. Bd3 c6 7. O-O O-O 8.
Nc3 Nc5 9. Be2 Qc7 10. a3 a5 11. d4 Ncd7 12. Bd3 b5 13. Ne2 Ng4 14. Bc1 Bb7
15. Ng3 f5 16. Ng5 Rf6 17. h3 Nh6 18. Qh5 Rg6 19. Qe2 Bxg5 1/2-1/2

[Event "Kieler Open 2018-B"]
[Site"RGG Kiel"]
[Date "2018.07.28"]
[Round "1.10"]
[White "Stolzenwald, Frank"]
[Black "Turp, Hüseyin"]
[Result "0-1"]
[WhiteElo "1357"]
[BlackElo "1630"]
[WhiteTeam "Hamburger SK von 1830 eV"]
[BlackTeam "Oberhausener SV 1887 e"]
[Annotator "LB"]
[PlyCount "66"]

1. e4 c6 2. Bc4 d5 3. exd5 cxd5 4. Bb5+ Nc6 5. Nf3 Bg4 6. d3 Qa5+ 7. Nc3 d4
8. Bxc6+ bxc6 9. Bd2 dxc3 10. Bxc3 Qh5 11. Qe2 Nf6 12. h3 Nd5 13. Bd4 e6
14. O-O-O Bxf3 15. Qxf3 Qxf3 16. gxf3 c5 17. Be5 f6 18. Bg3 Kd7 19. c4 Nb4
20. a3 Nc6 21. f4 Bd6 22. Rhe1 a5 23. Re3 Rab8 24. f3 Rhe8 25. Rd2 g5 26.
Re4 f5 27. Re1 gxf4 28. Bh2 Nd4 29. Rf2 Rg8 30. Rg1 Rxg1+ 31. Bxg1 Rg8 32.
Rf1 Ne2+ 33. Kd2 Nxg1 0-1

[Event "Kieler Open 2018-B"]
[Site "RGG Kiel"]
[Date "2018.07.28"]
[Round "1.11"]
[White "Sowa, Uwe"]
[Black "Wentzel, Martin"]
[Result "0-1"]
[BlackElo "1305"]
[WhiteElo "1594"]
[Annotator "LB"]
[PlyCount "78"]

1. d4 d5 2. e4 c6 3. e5 e6 4. c3 h6 5. Be3 a6 6. Nf3 b6 7. Bd3 Be7 8. Qd2
c5 9. O-O cxd4 10. cxd4 Bd7 11. Nc3 Bb4 12. Rac1 Bc6 13. a3 Bxc3 14. Rxc3
Ne7 15. Rfc1 b5 16. b4 a5 17. h3 Qd7 18. Bb1 axb4 19. axb4 Na6 20. Rb3 Nc8
21. Qc3 Nb8 22. Nh2 Nb6 23. Bd2 Nc4 24. Bf4 Qe7 25. Ng4 h5 26. Ne3 Bd7 27.
Nf1 Nc6 28. Qg3 Qf8 29. h4 Nxd4 30. Re1 Nxb3 31. Qxb3 Ra3 32. Qd1 Qxb4 33.
Nd2 Nb2 34. Qc1 Rc3 35. Bc2 Nd3 36. Qa1 Ra3 37. Bg5 Rxa1 38. Rxa1 O-O 39.
Bxd3 Qd4 0-1

[Event "Kieler Open 2018-B"]
[Site "RGG Kiel"]
[Date "2018.07.28"]
[Round "1.12"]
[White "Grotrian, Pauline"]
[Black "Sallandt, Frido"]
[Result "0-1"]
[BlackElo "1588"]
[WhiteElo "1297"]
[Annotator "LB"]
[PlyCount "84"]

1. e4 e6 2. Nc3 d5 3. d4 Bb4 4. exd5 exd5 5. Bd2 Nf6 6. Nf3 O-O 7. Bd3 Re8+
8. Ne2 Bxd2+ 9. Qxd2 c6 10. O-O Ne4 11. Bxe4 dxe4 12. Ng5 e3 13. fxe3 Qxg5
14. Rf3 Qb5 15. b3 Bg4 16. c4 Qb6 17. Rf4 Bxe2 18. Qxe2 Qc7 19. Raf1 f6 20.
e4 Qd7 21. e5 Na6 22. Qh5 g6 23. Qh6 f5 24. Rh4 Qg7 25. Qg5 Rad8 26. Rf3 c5
27. d5 Qxe5 28. Qh6 Qe1+ 29. Rf1 Qe3+ 30. Rf2 Qxh6 31. Rxh6 Re1+ 32. Rf1
Rxf1+ 33. Kxf1 Nb4 34. a4 Nc2 35. Rh3 Nd4 36. Re3 Kf7 37. h3 Re8 38. Rd3
Re4 39. Kf2 Re2+ 40. Kg3 Rb2 41. Re3 Rxb3 42. Rxb3 Nxb3 0-1

[Event "Kieler Open 2018-B"]
[Site "RGG Kiel"]
[Date "2018.07.28"]
[Round "1.13"]
[White "Baumast, Bernd"]
[Black "Farokhi, Darian"]
[Result "1-0"]
[BlackElo "1256"]
[WhiteElo "1567"]
[Annotator "LB"]
[PlyCount "95"]

1. e4 e5 2. Nf3 Nc6 3. d4 exd4 4. Nxd4 Bc5 5. Nxc6 bxc6 6. Bc4 Nf6 7. Qf3
O-O 8. O-O d5 9. exd5 cxd5 10. Bd3 Re8 11. Bg5 Bg4 12. Qxg4 Nxg4 13. Bxd8
Raxd8 14. Nc3 Bd6 15. g3 Bc5 16. h3 Nf6 17. Rfe1 Nh5 18. Rxe8+ Rxe8 19.
Nxd5 c6 20. g4 cxd5 21. gxh5 Re5 22. Kg2 Rxh5 23. Re1 g6 24. Re8+ Kg7 25.
Rc8 Bd4 26. c3 Bb6 27. f4 Be3 28. Kg3 Bc1 29. b4 Bb2 30. Rc5 d4 31. Rxh5
gxh5 32. c4 Ba3 33. b5 Bc5 34. Kf3 Kg8 35. Ke4 h6 36. Kd5 Bb6 37. c5 Bc7
38. f5 Kf8 39. Kc6 Ba5 40. b6 axb6 41. cxb6 Bxb6 42. Kxb6 Ke8 43. a4 Kd8
44. Kb7 Kd7 45. a5 Kd6 46. a6 Ke5 47. a7 Kf4 48. a8=Q 1-0

[Event "Kieler Open 2018-B"]
[Site "RGG Kiel"]
[Date "2018.07.28"]
[Round "1.14"]
[White "Malinowsky, Levi"]
[Black "Kögel, Josef"]
[Result "0-1"]
[BlackElo "1559"]
[WhiteElo "1228"]
[Annotator "LB"]
[PlyCount "98"]

1. e4 c6 2. d4 d5 3. exd5 cxd5 4. c4 Nf6 5. cxd5 g6 6. Nc3 Nxd5 7. Bc4 Nb6
8. Bb3 Bg7 9. Nf3 O-O 10. O-O Nc6 11. Be3 Bg4 12. h3 Bxf3 13. Qxf3 Bxd4 14.
Bxd4 Qxd4 15. Rad1 Qh4 16. Bd5 Nxd5 17. Nxd5 Rfd8 18. Rfe1 e6 19. Nf6+ Kg7
20. Ne4 Rac8 21. Nd6 Rc7 22. Nxb7 Nd4 23. Rxd4 Rxd4 24. g4 Qf6 25. Qe3 Rxb7
26. g5 Qf4 27. Qc3 Qxg5+ 28. Kf1 Qd2 29. Rc1 Qxc3 30. bxc3 Rd2 31. c4 Rbb2
32. c5 Rbc2 33. Rb1 Rxc5 34. Ra1 Rdc2 35. Kg2 Rc1 36. Rxc1 Rxc1 37. a4 Rc3
38. a5 Kf6 39. f3 Kf5 40. Kg3 e5 41. a6 e4 42. Kh4 exf3 43. Kg3 Ke4 44. Kh4
f2 45. Kg5 f1=Q 46. Kh6 Qxh3+ 47. Kg7 Qd7 48. Kh8 f5 49. Kg8 Rc8# 0-1

[Event "Kieler Open 2018-B"]
[Site "RGG Kiel"]
[Date "2018.07.28"]
[Round "1.15"]
[White "Bangert, Ruediger"]
[Black "Salwasser, Andrej"]
[Result "1/2-1/2"]
[BlackElo "1166"]
[WhiteElo "1555"]
[Annotator "LB"]
[PlyCount "73"]

1. d4 d5 2. c4 Bf5 3. e3 Nf6 4. Nc3 e6 5. Bd3 Bxd3 6. Qxd3 Bb4 7. a3 Bxc3+
8. Qxc3 Ne4 9. Qc2 O-O 10. Nf3 c6 11. O-O Nd7 12. b4 a6 13. Bb2 Ndf6 14. c5
h6 15. h3 Nd7 16. Nh2 Qf6 17. Kh1 Qf5 18. Qe2 Ng5 19. g4 Qf6 20. Kg2 Qg6
21. h4 Nh7 22. Kh1 f5 23. g5 hxg5 24. hxg5 Qxg5 25. Rg1 Qh4 26. Rg3 Ng5 27.
Rag1 Nf6 28. f4 Nge4 29. Rxg7+ Kh8 30. R1g2 Ng4 31. R7xg4 fxg4 32. Kg1 g3
33. Qe1 gxh2+ 34. Rxh2 Rg8+ 35. Kh1 Ng3+ 36. Kg1 Ne2+ 37. Kh1 1/2-1/2

[Event "Kieler Open 2018-B"]
[Site "RGG Kiel"]
[Date "2018.07.28"]
[Round "1.16"]
[White "Koch, Andreas Tigran"]
[Black "Weck, Uwe"]
[Result "1-0"]
[BlackElo "1551"]
[WhiteElo "1133"]
[Annotator "LB"]
[PlyCount "43"]

1. e4 e5 2. Nf3 Nc6 3. Bc4 Bc5 4. d3 Nf6 5. O-O O-O 6. Nc3 d6 7. Bg5 a6 8.
Nd5 Bg4 9. Nxf6+ gxf6 10. Bh6 b5 11. Bd5 Qd7 12. Bxf8 Rxf8 13. Bxc6 Qxc6
14. h3 Bh5 15. g4 Bg6 16. Nd2 Kh8 17. Qf3 Kg7 18. h4 Rg8 19. h5 Bxh5 20.
gxh5 Kf8+ 21. Kh2 Rg5 22. Rg1 1-0

[Event "Kieler Open 2018-B"]
[Site "RGG Kiel"]
[Date "2018.07.28"]
[Round "1.17"]
[White "Stegert, Jonas"]
[Black "Höfken, Fynn-Lukas"]
[Result "1-0"]
[BlackElo "954"]
[WhiteElo "1527"]
[Annotator "LB"]
[PlyCount "69"]

1. e4 e5 2. Nf3 d6 3. Bc4 Nf6 4. d3 Nc6 5. h3 h6 6. O-O Be6 7. Bb3 d5 8.
exd5 Bxd5 9. Re1 Bxf3 10. Qxf3 Bd6 11. c3 O-O 12. Nd2 Re8 13. Ne4 Nxe4 14.
Bxf7+ Kh8 15. Bxe8 Qxe8 16. Qxe4 a6 17. d4 Na5 18. dxe5 Bc5 19. b4 Bxb4 20.
cxb4 Nc6 21. a3 a5 22. Bb2 axb4 23. axb4 Rxa1 24. Bxa1 Qe6 25. Qb1 b6 26.
Rc1 Nxe5 27. Re1 Qd6 28. Rxe5 Qc6 29. Qe4 Qxe4 30. Rxe4 Kh7 31. Re7 c5 32.
Rxg7+ Kh8 33. bxc5 bxc5 34. Rc7+ Kg8 35. Kf1 1-0

[Event "Kieler Open 2018-B"]
[Site "RGG Kiel"]
[Date "2018.07.28"]
[Round "1.18"]
[White "Bahlo, Alondra"]
[Black "Schwerdt, Anton Gabriel"]
[Result "0-1"]
[BlackElo "1518"]
[WhiteElo "784"]
[Annotator "LB"]
[PlyCount "104"]

1. e4 d5 2. exd5 Qxd5 3. Nc3 Qd6 4. Bc4 Nf6 5. Nf3 a6 6. Ng5 e6 7. d4 b5 8.
Bb3 c5 9. dxc5 Qc6 10. Be3 Bxc5 11. Bxc5 Qxc5 12. Nce4 Nxe4 13. Nxe4 Qb4+
14. c3 Qxe4+ 15. Qe2 Qxe2+ 16. Kxe2 Bb7 17. Rhg1 O-O 18. Rad1 Nc6 19. Rd7
Na5 20. f3 Ra7 21. Rgd1 Nxb3 22. axb3 g6 23. Rd8 Ra8 24. Rxa8 Rxa8 25. Rd2
Bd5 26. b4 Bc4+ 27. Kf2 a5 28. bxa5 Rxa5 29. b4 Ra3 30. Rd8+ Kg7 31. Ke1
Rxc3 32. h3 Rb3 33. Kf2 Rxb4 34. Kg3 Rb2 35. Rd4 Bd5 36. Rd3 b4 37. Rd1 b3
38. Re1 Rc2 39. Rb1 b2 40. Kh2 Ba2 41. Rd1 Rc1 42. Rxc1 bxc1=Q 43. Kg3 Kf6
44. Kh2 Qf4+ 45. Kg1 Qg3 46. Kf1 Bc4+ 47. Kg1 Be2 48. Kh1 h5 49. h4 Qxh4+
50. Kg1 Bxf3 51. Kf1 Qg3 52. Kg1 Qxg2# 0-1

[Event "Kieler Open 2018-B"]
[Site "Kiel"]
[Date "2018.07.28"]
[Round "2.1"]
[White "Kögel, Josef"]
[Black "von Koschitzky, Tilo"]
[Result "1/2-1/2"]
[WhiteElo "1559"]
[BlackElo "1789"]
[Annotator "LB"]
[PlyCount "87"]
[EventDate "2018.??.??"]

1. d4 f5 2. c4 g6 3. Nc3 Nf6 4. Nf3 d6 5. g3 Bg7 6. Bg2 O-O 7. O-O Qe8 8. b3 h6
9. Bb2 c6 10. Nd2 e5 11. d5 c5 12. e4 Na6 13. a3 Nc7 14. b4 b6 15. b5 f4 16. a4
g5 17. gxf4 gxf4 18. a5 bxa5 19. Rxa5 Nd7 20. Qb3 Qg6 21. Kh1 Nb6 22. Rfa1 a6
23. bxa6 Nd7 24. a7 Qg4 25. Bf3 Qh4 26. Rf1 Na6 27. Nb5 Qd8 28. Bc3 Nf6 29.
Rfa1 Nc7 30. Qb2 Ng4 31. Nf1 Ne8 32. Qe2 Qh4 33. R5a2 h5 34. Ba5 Rf7 35. Rb1
Rb7 36. Be1 Bf6 37. Qd2 Bd8 38. Ra6 Qe7 39. Rba1 Rxb5 40. cxb5 Bxa6 41. Rxa6
Rxa7 42. Qa2 Rb7 43. Be2 Qh4 44. f3 1/2-1/2

[Event "Kieler Open 2018-B"]
[Site "Kiel"]
[Date "2018.07.28"]
[Round "2.2"]
[White "Plichta, Hans-Reiner"]
[Black "Baumast, Bernd"]
[Result "1/2-1/2"]
[WhiteElo "1784"]
[BlackElo "1567"]
[Annotator "LB"]
[PlyCount "36"]
[EventDate "2018.??.??"]

1. d4 c6 2. c4 d5 3. Nf3 dxc4 4. e3 b5 5. a4 e6 6. b3 Bb4+ 7. Bd2 Bxd2+ 8. Qxd2
cxb3 9. axb5 Ne7 10. Qb4 Qb6 11. Ne5 Na6 12. Qd6 Qc7 13. Qxc7 Nxc7 14. Nc3 O-O
15. Rb1 f6 16. Nf3 cxb5 17. Nxb5 Nxb5 18. Bxb5 Rb8 1/2-1/2

[Event "Kieler Open 2018-B"]
[Site "Kiel"]
[Date "2018.07.28"]
[Round "2.3"]
[White "Schwerdt, Anton Gabriel"]
[Black "Zechel, Rolf-Rüdiger"]
[Result "0-1"]
[BlackElo "1744"]
[WhiteElo "1518"]
[Annotator "LB"]
[PlyCount "36"]

1. e4 c5 2. Bc4 e6 3. Nc3 d6 4. f4 g6 5. Nf3 Bg7 6. d3 Ne7 7. Bd2 Nbc6 8.
O-O O-O 9. Re1 Na5 10. Bb3 Nxb3 11. axb3 a6 12. e5 dxe5 13. fxe5 Bd7 14.
Ne4 Bc6 15. Nxc5 Qc7 16. Bf4 Bxf3 17. Qxf3 Qxc5+ 18. Kh1 Qc6 0-1

[Event "Kieler Open 2018-B"]
[Site "Kiel"]
[Date "2018.07.28"]
[Round "2.4"]
[White "Griebenow, Jan Luca"]
[Black "Stegert, Jonas"]
[Result "1-0"]
[BlackElo "1527"]
[WhiteElo "1705"]
[Annotator "LB"]
[PlyCount "45"]

1. d4 d5 2. c4 e6 3. Nc3 Nf6 4. Bg5 Nbd7 5. e3 c6 6. Nf3 Be7 7. Bd3 O-O 8.
Rc1 Re8 9. O-O h6 10. Bh4 Qc7 11. cxd5 exd5 12. Bg3 Qd8 13. Nb5 Nb6 14. Nc7
Bg4 15. Nxe8 Qxe8 16. h3 Be6 17. Ne5 Nbd7 18. a3 Nxe5 19. Bxe5 Qd7 20. Bxf6
Bxf6 21. f4 Bxh3 22. gxh3 Qxh3 23. Qf3 1-0

[Event "Kieler Open 2018-B"]
[Site "Kiel"]
[Date "2018.07.28"]
[Round "2.5"]
[White "Aksüt, Önder"]
[Black "Grotrian, Peter"]
[Result "1-0"]
[BlackElo "1455"]
[WhiteElo "1691"]
[Annotator "LB"]
[PlyCount "67"]

1. d4 e6 2. e4 d5 3. e5 c5 4. c3 Nc6 5. Bb5 Bd7 6. Bxc6 bxc6 7. Ne2 cxd4 8.
cxd4 c5 9. O-O Ne7 10. Bg5 Bb5 11. dxc5 Qc7 12. Nbc3 Bxe2 13. Nxe2 Nc6 14.
Qa4 Be7 15. Bxe7 Kxe7 16. Qh4+ Kd7 17. f4 Nb4 18. Rfc1 Rab8 19. Qg3 Rhg8
20. c6+ Nxc6 21. Kh1 Qb6 22. Qa3 Qb4 23. Qd3 Qe4 24. Qa3 Rb4 25. Nc3 Qxf4
26. Rf1 Qxe5 27. Rxf7+ Ke8 28. Raf1 Qd6 29. Qa6 Rb6 30. Qc8+ Qd8 31. Qxe6+
Ne7 32. Rxe7+ Qxe7 33. Qxg8+ Kd7 34. Rf7 1-0

[Event "Kieler Open 2018-B"]
[Site "Kiel"]
[Date "2018.07.28"]
[Round "2.6"]
[White "Turp, Hüseyin"]
[Black "Koch, Andreas Tigran"]
[Result "1-0"]
[BlackElo "1133"]
[WhiteElo "1630"]
[Annotator "LB"]
[PlyCount "89"]

1. d4 d5 2. Bf4 Nc6 3. e3 Bf5 4. c3 e6 5. Nd2 Bd6 6. Ngf3 Bxf4 7. exf4 Qd6
8. Ne5 f6 9. Nxc6 bxc6 10. Qh5+ g6 11. Qf3 e5 {danach sind die Mitschriften
lückenhaft und/oder unlesbar; sie reichen bis ZugNr 44 bzw. 45} 1-0

[Event "Kieler Open 2018-B"]
[Site "Kiel"]
[Date "2018.07.28"]
[Round "2.8"]
[White "Wentzel, Martin"]
[Black "Zielke, Bernd"]
[Result "0-1"]
[BlackElo "1719"]
[WhiteElo "1305"]
[Annotator "LB"]
[PlyCount "96"]

1. e4 e5 2. Nf3 Nf6 3. d3 Nc6 4. c3 d6 5. h3 Be7 6. b4 Bd7 7. Be2 O-O 8.
Be3 d5 9. Qc2 dxe4 10. dxe4 Bd6 11. a3 a6 12. O-O Re8 13. Rd1 Qc8 14. c4 b6
15. c5 bxc5 16. bxc5 Be7 17. Bd3 Be6 18. Qc3 Nd7 19. a4 Rb8 20. Nbd2 f6 21.
Bc4 Nf8 22. Nh2 Kh8 23. Ndf3 Rd8 24. Bd5 Nb4 25. Qc4 c6 26. Bxe6 Nxe6 27.
Rab1 Rxd1+ 28. Rxd1 a5 29. Nh4 g6 30. N4f3 Kg7 31. Nf1 Nf8 32. g4 Qe6 33.
Qc3 Rd8 34. N3d2 Rd3 35. Qc1 Qa2 36. h4 Qxa4 37. Re1 Nc2 38. Re2 Ne6 39.
Nf3 Nxe3 40. Rxe3 Nxc5 41. Rxd3 Nxd3 42. Qd2 Qb5 43. Ne1 Nxe1 44. Qxe1 Bc5
45. Kg2 Bd4 46. Nd2 a4 47. Qd1 c5 48. Qc2 Qe2 0-1

[Event "Kieler Open 2018-B"]
[Site "Kiel"]
[Date "2018.07.28"]
[Round "2.9"]
[White "Koch, Ralf-Johannes"]
[Black "Hotz, Herbert"]
[Result "1-0"]
[BlackElo "1514"]
[WhiteElo "1739"]
[Annotator "LB"]
[PlyCount "83"]

1. e4 c6 2. Nf3 d5 3. exd5 cxd5 4. Ne5 a6 5. d4 Nc6 6. c3 Nxe5 7. dxe5 Bf5
8. Be3 e6 9. Nd2 Qc7 10. Qa4+ Qd7 11. Qxd7+ Kxd7 12. Be2 Ne7 13. f4 Ng6 14.
O-O-O Rc8 15. g4 Bc5 16. gxf5 Bxe3 17. fxg6 hxg6 18. Rdf1 Rh4 19. Kd1 Rxf4
20. Rxf4 Bxf4 21. Nf3 Rh8 22. Rf1 g5 23. Rg1 f6 24. h4 fxe5 25. hxg5 Ke7
26. Kc2 e4 27. Nd4 Rh2 28. Kd1 Kf7 29. g6+ Kf6 30. Nb3 b6 31. Nd4 e5 32.
Nc6 Be3 33. Rf1+ Bf4 34. Nb4 d4 35. cxd4 exd4 36. Nd5+ Ke5 37. Nxf4 d3 38.
Bxd3 exd3 39. Nxd3+ Kd4 40. Rf2 Rh3 41. Nf4 Ke5 42. Nxh3 1-0

[Event "Kieler Open 2018-B"]
[Site "Kiel"]
[Date "2018.07.28"]
[Round "2.10"]
[White "Woltmann, Peter"]
[Black "Kathage, Holger"]
[Result "1/2-1/2"]
[BlackElo "1692"]
[WhiteElo "1396"]
[Annotator "LB"]
[PlyCount "119"]

1. e4 c5 2. Nf3 Nf6 3. Nc3 d6 4. Bc4 e6 5. d3 Be7 6. O-O O-O 7. Re1 a6 8.
a4 Nc6 9. Bb3 Qc7 10. e5 dxe5 11. Qe2 Nd4 12. Nxd4 exd4 13. Ne4 Nxe4 14.
Qxe4 Bd6 15. h3 Bd7 16. Qf3 Kh8 17. c3 dxc3 18. bxc3 Bc6 19. Qe2 Rae8 20.
Bc2 e5 21. Bd2 f5 22. f3 Qf7 23. d4 exd4 24. Qd3 c4 25. Qxd4 Rd8 26. Qh4
Qg6 27. Bg5 Rde8 28. Rxe8 Rxe8 29. g4 Bc5+ 30. Kf1 Qe6 31. Re1 Qxe1+ 32.
Qxe1 Rxe1+ 33. Kxe1 Bxf3 34. Bxf5 Bc6 35. a5 Bd5 36. Bc8 Kg8 37. Kd2 Kf7
38. Be3 Bd6 39. Bd4 Bc7 40. Bb6 Bxb6 41. axb6 Kf6 42. h4 Ke5 43. Ke3 Bc6
44. Bf5 g6 45. Bb1 a5 46. Ba2 Bd5 47. Bb1 a4 48. h5 gxh5 49. gxh5 h6 50.
Kd2 Bf3 51. Bg6 Be4 52. Bf7 Bd5 53. Bg6 Kd6 54. Kc2 a3 55. Kb1 Kc5 56. Ka2
Kxb6 57. Kxa3 Kc5 58. Ka4 Kd6 59. Kb5 Ke5 60. Kc5 1/2-1/2

[Event "Kieler Open 2018-B"]
[Site "Kiel"]
[Date "2018.07.28"]
[Round "2.11"]
[White "Kageler, Anton Paul"]
[Black "Bahr, Arne"]
[Result "1/2-1/2"]
[BlackElo "1674"]
[WhiteElo "1389"]
[Annotator "LB"]
[PlyCount "46"]

1. e4 g6 2. d4 Nf6 3. Nc3 d5 4. e5 Nh5 5. Be2 Nc6 6. Be3 Ng7 7. Bh6 Nf5 8.
Bxf8 Kxf8 9. Nf3 Ng7 10. O-O Bg4 11. Qd2 h6 12. h3 Bxf3 13. Bxf3 e6 14.
Rad1 Nf5 15. Ne2 Nh4 16. Qc3 Nxf3+ 17. Qxf3 Kg7 18. Nf4 Qg5 19. c3 Ne7 20.
Nd3 Nf5 21. Nc5 Qe7 22. Rfe1 b6 23. Nb3 a5 1/2-1/2